Statystyki dla Państwa kończące się na „ia”

Kliknij tutaj aby rozwiązać quiz!

Ogólne statystyki

  • Ten quiz został rozwiązany 54 razy
  • Średni wynik to 32 z 43

Statystyki odpowiedzi

Nazwa państwa% Poprawnych
Finlandia
93%
Brazylia
91%
Austria
89%
Irlandia
89%
Norwegia
89%
Portugalia
89%
Australia
86%
Hiszpania
86%
Dania
84%
Islandia
84%
Japonia
84%
Albania
80%
Belgia
80%
Estonia
80%
Etiopia
80%
Wielka Brytania
80%
Algieria
77%
Bułgaria
77%
Holandia
77%
Rumunia
77%
Kenia
75%
Namibia
75%
Kolumbia
73%
Libia
73%
Nowa Zelandia
73%
Serbia
73%
Słowenia
73%
Nigeria
70%
Tajlandia
70%
Zambia
70%
Armenia
68%
Gambia
68%
Mongolia
68%
Szwajcaria
66%
Tanzania
66%
Boliwia
64%
Somalia
64%
Jordania
61%
Liberia
61%
Mołdawia
61%
Mauretania
52%
Syria
48%
St. Lucia
39%

Rozkład punktacji

Percentyl według liczby udzielonych odpowiedzi

Procent ludzi z każdym wynikiem

Twoja historia wyników

Nie rozwiązałeś tego quizu